| 000 | 005320000a22001810004500 | ||
|---|---|---|---|
| 003 | MACL | ||
| 005 | 20160401141740.0 | ||
| 008 | 160401b xxu||||| |||| 00| 0 eng d | ||
| 040 |
_aMACL _cMACL |
||
| 041 | _aHindi | ||
| 082 | _a330 | ||
| 100 |
_aअरूण कुमार सिंह _933634 |
||
| 245 | _aपर्यावरणीय अर्थशास्त्र विविध आयाम | ||
| 260 |
_aNew Delhi _bRegal Publications |
||
| 350 | _a2009 | ||
| 650 |
_aEconomics _949674 |
||
| 942 |
_cHIN _k330 _2ddc |
||
| 999 |
_c46785 _d46785 |
||